Textbook of Nursing Foundation (Record no. 142061)
[ view plain ]
| 000 -LEADER | |
|---|---|
| fixed length control field | 00410nam a2200157Ia 4500 |
| 008 - FIXED-LENGTH DATA ELEMENTS--GENERAL INFORMATION | |
| fixed length control field | 230314s9999 xx 000 0 und d |
| 020 ## - INTERNATIONAL STANDARD BOOK NUMBER | |
| International Standard Book Number | 978-93-85891-54-0 |
| 041 ## - LANGUAGE CODE | |
| Language code of text/sound track or separate title | eng |
| 082 ## - DEWEY DECIMAL CLASSIFICATION NUMBER | |
| Classification number | F/610.73/CLE/B08617 |
| 100 ## - MAIN ENTRY--PERSONAL NAME | |
| Personal name | Clement I |
| 9 (RLIN) | 119826 |
| 245 ## - TITLE STATEMENT | |
| Title | Textbook of Nursing Foundation |
| 260 ## - PUBLICATION, DISTRIBUTION, ETC. (IMPRINT) | |
| Name of publisher, distributor, etc. | Jaico Publishing House |
| Place of publication, distribution, etc. | New Delhi |
| Date of publication, distribution, etc. | 2017 |
| 300 ## - PHYSICAL DESCRIPTION | |
| Extent | 998p |
| 906 ## - LOCAL DATA ELEMENT F, LDF (RLIN) | |
| b | 02 |
| Withdrawn status | Lost status | Damaged status | Not for loan | Collection code | Home library | Current library | Date acquired | Vendor | Cost, normal purchase price | Bill number | Total Checkouts | Total Renewals | Full call number | Barcode | Date last seen | Date last checked out | Cost, replacement price | Bill Date | Koha item type | Original Barcode |
|---|---|---|---|---|---|---|---|---|---|---|---|---|---|---|---|---|---|---|---|---|
| Smt. Bakul Tambat Institute of Nursing Education | Smt. Bakul Tambat Institute of Nursing Education | 16/01/2018 | Samutkarsh | 895.00 | 1435 | 22 | 7 | F 610.73 CLE B08756 | BTIN-BK-8756 | 24/10/2024 | 10/10/2024 | 662.30 | 30/03/2017 | Books | B08756 |